000 00915nas a2200277 4500
001 BR0705009
003 BR-BrBNA
005 20231205111154.0
007 ta
008 230509b bl.|||p| |||| 00| 00por d
040 _aBR-BrBNA
_bpor
_cBiblioteca Nacional de Agricultura
041 _a(En)
072 _aH10
100 1 _aBarreto, M.R.
100 1 _aLoguercio, L.L.
100 1 _aValicente, F.H.
100 1 _aPaiva, E.
245 1 _aInsecticidal activity of culture supernatants from Bacillus thuringiensis Berliner strains against Spodoptera frugiperda Smith (Lepidoptera: Noctuidae)Larvae
650 _aPRAGA DE PLANTA
650 _aLAGARTA
650 _aMILHO
650 _aCONTROLE BIOLÓGICO
773 0 _tAnais da Sociedade Entomológica do Brasil ( Brazil)
_xISSN 0301-8059
_g(Dec 1999), v. 28(4) p. 675-685
_wBR0705009
909 _a202311
_bLúcia
_c55
_dLúcia Elande
942 _2AGRIS
_n0
_cANA
999 _c191119
_d191119